<?xml version="1.0" encoding="UTF-8"?><?xml-stylesheet type="text/xsl" href="static/style.xsl"?><OAI-PMH xmlns="http://www.openarchives.org/OAI/2.0/" xmlns:xsi="http://www.w3.org/2001/XMLSchema-instance" xsi:schemaLocation="http://www.openarchives.org/OAI/2.0/ http://www.openarchives.org/OAI/2.0/OAI-PMH.xsd"><responseDate>2026-04-17T03:10:14Z</responseDate><request verb="GetRecord" identifier="oai:www.recercat.cat:2117/412718" metadataPrefix="marc">https://recercat.cat/oai/request</request><GetRecord><record><header><identifier>oai:recercat.cat:2117/412718</identifier><datestamp>2025-07-22T15:27:04Z</datestamp><setSpec>com_2072_1033</setSpec><setSpec>col_2072_452951</setSpec></header><metadata><record xmlns="http://www.loc.gov/MARC21/slim" xmlns:dcterms="http://purl.org/dc/terms/" xmlns:xsi="http://www.w3.org/2001/XMLSchema-instance" xmlns:doc="http://www.lyncode.com/xoai" xsi:schemaLocation="http://www.loc.gov/MARC21/slim http://www.loc.gov/standards/marcxml/schema/MARC21slim.xsd">
   <leader>00925njm 22002777a 4500</leader>
   <datafield ind2=" " ind1=" " tag="042">
      <subfield code="a">dc</subfield>
   </datafield>
   <datafield ind2=" " ind1=" " tag="720">
      <subfield code="a">Draper Vilar, Adrià</subfield>
      <subfield code="e">author</subfield>
   </datafield>
   <datafield ind2=" " ind1=" " tag="260">
      <subfield code="c">2024-07-10</subfield>
   </datafield>
   <datafield ind2=" " ind1=" " tag="520">
      <subfield code="a">Títol alternatiu emprat a la intranet docent de l'EPSEVG: "Disseny d’una matriu progressiva d’estampació metàl.lica"</subfield>
   </datafield>
   <datafield ind2=" " ind1=" " tag="520">
      <subfield code="a">Este proyecto de final de grado muestra el proceso de proyección y diseño de una matriz de estampación en frío de chapa metálica para la posterior producción de una cierta referencia de pieza demandada por un cliente de la empresa donde actualmente trabajo. Previamente al diseño de la matriz se ha realizado un estudio sobre la petición del cliente que involucra la demanda anual y diseño de pieza. Teniendo en cuenta la referencia demandada se han definido los parámetros que intervienen en el diseño de la banda. Tras el análisis de la petición realizamos el proceso de diseño de la matriz donde mediante herramientas de software CAD se desarrollan las piezas que conformarán la matriz. Para ello se ha tenido en cuenta las prensas utilizadas para la fabricación, la elección de materiales, elaboración de las partes, la elección de elementos normalizados y el ensamblaje del útil. Tras iteraciones de diseño, se hace una explicación final de la herramienta y se expone todo el proceso de fabricación para que el útil pueda ser producido. Tras haber definido el útil se plasma una temporización para la fabricación del útil, un presupuesto final para el cliente donde se considere el proceso de fabricación de la referencia mediante prensado. Finalmente se ha realizado un simulacro de rentabilidad. En resumen, la intención del proyecto ha sido profundizar en el diseño de la matriz progresiva y cumplir con los plazos del cliente para el desarrollo de esta. Hecho el estudio, la matriz estaría lista para ser producida y empezar la producción del producto requerido.</subfield>
   </datafield>
   <datafield ind2=" " ind1=" " tag="520">
      <subfield code="a">This final degree project shows the process of projection and design of a sheet metal cold stamping die for the subsequent production of a certain part reference demanded by a customer of the company where I currently work. Prior to the design of the die, a study has been carried out on the customer's request involving the annual demand and part design. Considering the demanded reference, the parameters involved in the design of the band have been defined. After the analysis of the request, we carried out the design process of the matrix where, using CAD software tools, we developed the pieces that will make up the matrix. For this, we have considered the presses used for the manufacturing, the choice of materials, the elaboration of the parts, the choice of standardized elements and the assembly of the tool. After design iterations, a final explanation of the tool is made and the whole manufacturing process is exposed so that the tool can be produced. After defining the tool, a timing for the manufacturing of the tool, a final quotation for the customer where the manufacturing process of the reference by pressing is considered. Finally, a profitability simulation was carried out. In summary, the intention of the project has been to deepen the design of the progressive matrix and meet the client's deadlines for its development. Once the study was done, the matrix would be ready to be produced and start the production of the required product.</subfield>
   </datafield>
   <datafield tag="653" ind2=" " ind1=" ">
      <subfield code="a">Àrees temàtiques de la UPC::Enginyeria mecànica::Processos de fabricació mecànica</subfield>
   </datafield>
   <datafield tag="653" ind2=" " ind1=" ">
      <subfield code="a">Metal stamping</subfield>
   </datafield>
   <datafield tag="653" ind2=" " ind1=" ">
      <subfield code="a">Matrices progresivas</subfield>
   </datafield>
   <datafield tag="653" ind2=" " ind1=" ">
      <subfield code="a">Estampación</subfield>
   </datafield>
   <datafield tag="653" ind2=" " ind1=" ">
      <subfield code="a">Metal</subfield>
   </datafield>
   <datafield tag="653" ind2=" " ind1=" ">
      <subfield code="a">Chapa metálica</subfield>
   </datafield>
   <datafield tag="653" ind2=" " ind1=" ">
      <subfield code="a">Diseño de matriz</subfield>
   </datafield>
   <datafield tag="653" ind2=" " ind1=" ">
      <subfield code="a">Fabricación</subfield>
   </datafield>
   <datafield tag="653" ind2=" " ind1=" ">
      <subfield code="a">Prensas</subfield>
   </datafield>
   <datafield tag="653" ind2=" " ind1=" ">
      <subfield code="a">Estampació</subfield>
   </datafield>
   <datafield ind2="0" ind1="0" tag="245">
      <subfield code="a">Diseño de una matriz progresiva de estampación metálica</subfield>
   </datafield>
   <datafield ind2="0" ind1="0" tag="245">
      <subfield code="a">Disseny d’una matriu progressiva d’estampació metàl.lica</subfield>
   </datafield>
</record></metadata></record></GetRecord></OAI-PMH>